<¿>Coeducación o escuela segregada? : (Record no. 23113)

MARC details
000 -LEADER
campo de control de longitud fija 01389nam a2200349Ia 4500
001 - NÚMERO DE CONTROL
campo de control 032340
008 - DATOS DE LONGITUD FIJA--INFORMACIÓN GENERAL
campo de control de longitud fija 221003m2012 xx 000 0 spa d
035 ## - NÚMERO DE CONTROL DEL SISTEMA
Número de control de sistema CENDO_23114
041 ## - CÓDIGO DE IDIOMA
Código de lengua del texto/banda sonora o título independiente spa
100 ## - ENTRADA PRINCIPAL--NOMBRE DE PERSONA
Nombre de persona PALACIOS RODRIGUEZ, Marito
9 (RLIN) 20983
245 #0 - MENCIÓN DEL TÍTULO
Título <¿>Coeducación o escuela segregada? :
Resto del título <un> viejo y persistente debate /
Mención de responsabilidad, etc. Secretaría de la Mujer [de la Federación de Enseñanza de Castilla y León]
260 ## - PUBLICACIÓN, DISTRIBUCIÓN, ETC.
Lugar de publicación, distribución, etc. [S.l.] :
Nombre del editor, distribuidor, etc. Federación de Enseñanza de CCOO Castilla y León,
Fecha de publicación, distribución, etc. 2012
300 ## - DESCRIPCIÓN FÍSICA
Extensión 3 p. ;
Dimensiones 30 cm
500 ## - NOTA GENERAL
Nota general En: T.E. : Castilla y León, n. 331 (marzo 2012), p. 10-12
650 ## - PUNTO DE ACCESO ADICIONAL DE MATERIA--TÉRMINO DE MATERIA
Término de materia o nombre geográfico como elemento de entrada SISTEMA EDUCATIVO
9 (RLIN) 915
650 #0 - PUNTO DE ACCESO ADICIONAL DE MATERIA--TÉRMINO DE MATERIA
Término de materia o nombre geográfico como elemento de entrada IGUALDAD DE OPORTUNIDADES
9 (RLIN) 590
650 ## - PUNTO DE ACCESO ADICIONAL DE MATERIA--TÉRMINO DE MATERIA
Término de materia o nombre geográfico como elemento de entrada ENSEÑANZA
9 (RLIN) 699
650 ## - PUNTO DE ACCESO ADICIONAL DE MATERIA--TÉRMINO DE MATERIA
Término de materia o nombre geográfico como elemento de entrada EDUCACION GENERAL
9 (RLIN) 15845
650 ## - PUNTO DE ACCESO ADICIONAL DE MATERIA--TÉRMINO DE MATERIA
Término de materia o nombre geográfico como elemento de entrada POLITICA EDUCATIVA
9 (RLIN) 675
650 ## - PUNTO DE ACCESO ADICIONAL DE MATERIA--TÉRMINO DE MATERIA
Término de materia o nombre geográfico como elemento de entrada ADMINISTRACION EDUCATIVA
9 (RLIN) 20314
710 ## - ENTRADA AGREGADA--NOMBRE DE ENTIDAD CORPORATIVA
Nombre de entidad corporativa o nombre de jurisdicción como elemento de entrada CCOO
Unidad subordinada Federación de Enseñanza
-- Federación de Castilla y León
Término indicativo de función/relación ed.
9 (RLIN) 20394
710 ## - ENTRADA AGREGADA--NOMBRE DE ENTIDAD CORPORATIVA
Nombre de entidad corporativa o nombre de jurisdicción como elemento de entrada CCOO
Unidad subordinada Federación de Enseñanza
-- Federación de Castilla y León^dSecretaría de la Mujer
9 (RLIN) 20985
856 ## - LOCALIZACIÓN Y ACCESO ELECTRÓNICOS
Nota pública PDF
Identificador Uniforme de Recursos <a href="http://docpublicos.ccoo.es/cendoc/032340CoeducacionEscuelaSegregada.pdf">http://docpublicos.ccoo.es/cendoc/032340CoeducacionEscuelaSegregada.pdf</a>
901 ## - ELEMENTOS DE DATOS A LOCAL LDA (RLIN)
a 1
903 ## - ELEMENTOS DE DATOS C LOCAL, LDC (RLIN)
a NO
904 ## - ELEMENTOS DE DATOS D LOCAL, LDD (RLIN)
a 000
907 ## - ELEMENTOS DE DATOS G LOCAL, LDG (RLIN)
a Sistema Educativo
953 ## -
-- 2012-04-02
-- DOCU_ELEC
-- T.E. : Castilla y León, n. 331 (marzo 2012), p. 10-12
-- PS09
910 ## - DATOS DE OPCIÓN DEL USUARIO (OCLC)
Datos de opción del usuario 2012
942 ## - ELEMENTOS DE ENTRADA SECUNDARIOS (KOHA)
Tipo de ítem Koha Documento Electrónico
Holdings
Estatus retirado Estado de pérdida Estado de daño No para préstamo Biblioteca de origen Biblioteca actual Fecha de adquisición Enumeración/cronología de publicación seriada Total de préstamos Código de barras Visto por última vez Copia número Precio de reemplazo Tipo de ítem Koha
        CENDO CENDO 02/04/2012 T.E. : Castilla y León, n. 331 (marzo 2012), p. 10-12   CENDO_23114 05/10/2022 PS09 05/10/2022 Documento Electrónico